Noticia histórica sobre el origen y efectos de la nueva medalla acuñada en honor de la Inmaculada Concepción de la santísima Virgen y generalmente conocida bajo la denominación de medalla milagrosa /
Gardado en:
| Formato: | Libro |
|---|---|
| Idioma: | Lingua castelá |
| Temas: | |
| Etiquetas: |
Sen Etiquetas, Sexa o primeiro en etiquetar este rexistro!
|
MARC
| LEADER | 00000nam^a2200000^a^4500 | ||
|---|---|---|---|
| 001 | 000136101 | ||
| 005 | 20250526000000.0 | ||
| 009 | 20260310095308.222 | ||
| 037 | |a Acervo ITESO - Biblioteca | ||
| 041 | |a ESP | ||
| 082 | |a 232. 917 |b NOT | ||
| 245 | 0 | 0 | |a Noticia histórica sobre el origen y efectos de la nueva medalla acuñada en honor de la Inmaculada Concepción de la santísima Virgen y generalmente conocida bajo la denominación de medalla milagrosa / |
| 264 | |a Guadalajara, México : |b Imprenta de Dionisio Rodríguez, |c 1848, c1848 | ||
| 300 | |a 156 p. ; |c 15.0 cm. | ||
| 649 | |a XX | ||
| 650 | |a Medallas Religiosas | ||
| 650 | |a Virgen de la Inmaculada Concepción - |z Jalisco - |x Apariciones y Milagros - |x Historia | ||
| 650 | |a Virgen de la Inmaculada Concepción - |z Jalisco - |x Culto - |x Historia | ||
| 650 | |a Libros de Oraciones y Devocionarios | ||
| 650 | |a Iglesia Católica en Jalisco - |x Historia | ||
| 650 | |a Iglesia Católica en México - |x Historia | ||
| 650 | |a Catolicismo | ||
| 650 | |a Cristianismo | ||
| 650 | |a Religión | ||
| 910 | |a Fondo Salvador Reynoso Reynoso | ||
| 920 | |a Impresos - Libros | ||
| 930 | |a Libros Antiguos y Raros | ||
| 905 | |a 108 | ||
| 901 | |a 0800014448 |b IT2 |c LRA |u 20250526 | ||
| 902 | |a https://opac.biblio.iteso.mx/vufind/Record/000136101 | ||